Statistics for FBS Football Teams By Location

Click here to take the quiz!

General Stats

  • This quiz has been taken 23 times
  • The average score is 74 of 133

Answer Stats

HintAnswer% Correct
West Point, NYArmy
100%
Buffalo, NYBuffalo
100%
Annapolis, MDNavy
100%
Syracuse, NYSyracuse
100%
Charlottesville, VAVirginia
100%
Blacksburg, VAVirginia Tech
100%
Chestnut Hill, MABoston College
92%
Berkeley, CACal
92%
Durham, NCDuke
92%
College Park, MDMaryland
92%
State College, PAPenn State
92%
Pittsburgh, PAPitt
92%
New Brunswick, NJRutgers
92%
Storrs, CTUConn
92%
Amherst, MAUMass
92%
Chapel Hill, NCUNC
92%
Tuscaloosa, ALAlabama
83%
Auburn, ALAuburn
83%
Charlotte, NCCharlotte
83%
Clemson, SCClemson
83%
Gainesville, FLFlorida
83%
Miami, FLFlorida International
83%
Tallahassee, FLFlorida State
83%
Athens, GAGeorgia
83%
Atlanta, GAGeorgia State
83%
Atlanta, GAGeorgia Tech
83%
Lynchburg, VALiberty
83%
Coral Gables, FLMiami
83%
Raleigh, NCNC State
83%
Columbia, SCSouth Carolina
83%
Philadelphia, PATemple
83%
Troy, ALTroy
83%
Winston-Salem, NCWake Forest
83%
Conway, SCCoastal Carolina
75%
Greenville, NCEast Carolina
75%
Boca Raton, FLFlorida Atlantic
75%
Statesboro, GAGeorgia Southern
75%
Jacksonville, ALJacksonville State
75%
Harrisonburg, VAJames Madison
75%
Norfolk, VAOld Dominion
75%
Knoxville, TNTennessee
75%
Birmingham, ALUAB
75%
Orlando, FLUCF
75%
Nashville, TNVanderbilt
75%
Bowling Green, OHBowling Green
67%
Cincinnati, OHCincinnati
67%
Lexington, KYKentucky
67%
Louisville, KYLouisville
67%
Huntington, WVMarshall
67%
Memphis, TNMemphis
67%
Ann Arbor, MIMichigan
67%
Athens, OHOhio
67%
Columbus, OHOhio State
67%
Morgantown, WVWest Virginia
67%
Akron, OHAkron
58%
Mount Pleasant, MICentral Michigan
58%
East Lansing, MIMichigan State
58%
Murfreesboro, TNMiddle Tennessee
58%
Mobile, ALSouth Alabama
58%
Toledo, OHToledo
58%
Los Angeles, CAUSC
58%
Colorado Springs, COAir Force
50%
Boone, NCAppalachian State
50%
Ypsilanti, MIEastern Michigan
50%
Kent, OHKent State
50%
South Bend, INNotre Dame
50%
West Lafayette, INPurdue
50%
New Orleans, LATulane
50%
Los Angeles, CAUCLA
50%
Tampa, FLUSF
50%
Seattle, WAWashington
50%
Pullman, WAWashington State
50%
Bowling Green, KYWestern Kentucky
50%
Kalamazoo, MIWestern Michigan
50%
Muncie, INBall State
42%
Fresno, CAFresno State
42%
Honolulu, HIHawai'i
42%
Urbana-Champaign, ILIllinois
42%
Bloomington, INIndiana
42%
Lawrence, KSKansas
42%
Manhattan, KSKansas State
42%
Lincoln, NENebraska
42%
Reno, NVNevada
42%
Albuquerque, NMNew Mexico
42%
Evanston, ILNorthwestern
42%
Stanford, CAStanford
42%
Paradise, NVUNLV
42%
Tuscon, AZArizona
33%
Tempe, AZArizona State
33%
Provo, UTBYU
33%
Houston, TXHouston
33%
Iowa City, IAIowa
33%
Ames, IAIowa State
33%
Kennesaw, GAKennesaw State
33%
Baton Rouge, LALSU
33%
Minneapolis-St. Paul, MNMinnesota
33%
Starkville, MSMississsippi State
33%
Las Cruces, NMNew Mexico State
33%
DeKalb, ILNorthern Illinois
33%
Denton, TXNorth Texas
33%
Norman, OKOklahoma
33%
Stillwater, OKOklahoma State
33%
Oxford, MSOle Miss
33%
Eugene, OROregon
33%
Corvallis, OROregon State
33%
Houston, TXRice
33%
Huntsville, TXSam Houston
33%
San Diego, CASan Diego State
33%
San Jose, CASan Jose State
33%
Dallas, TXSMU
33%
Hattiesburg, MSSouthern Miss
33%
Fort Worth, TXTCU
33%
Austin, TXTexas
33%
College Station, TXTexas A&M
33%
Lubbock, TXTexas Tech
33%
Tulsa, OKTulsa
33%
Salt Lake City, UTUtah
33%
Logan, UTUtah State
33%
El Paso, TXUTEP
33%
San Antonio, TXUTSA
33%
Madison, WIWisconsin
33%
Fayetteville, ARArkansas
25%
Jonesboro, ARArkansas State
25%
Waco, TXBaylor
25%
Boulder, COColorado
25%
Fort Collins, COColorado State
25%
Ruston, LALouisiana Tech
25%
Columbia, MOMissouri
25%
San Marcos, TXTexas State
25%
Boise, IDBoise State
17%
Monroe, LALouisiana-Monroe
17%
Laramie, WYWyoming
17%
Lafayette, LALousiana-Lafayette
0%

Score Distribution

Percentile by Number Answered

Percent of People with Each Score

Your Score History

You have not taken this quiz